<?xml version="1.0" encoding="UTF-8"?>
<collection xmlns="http://www.loc.gov/MARC21/slim">
    <record>
        <controlfield tag="001">56896</controlfield>
        <controlfield tag="005">20161027084148.0</controlfield>
        <datafield tag="037" ind1=" " ind2=" ">
            <subfield code="a">TAZ-TFG-2016-3317</subfield>
        </datafield>
        <datafield tag="041" ind1=" " ind2=" ">
            <subfield code="a">spa</subfield>
        </datafield>
        <datafield tag="100" ind1="1" ind2=" ">
            <subfield code="a">Andrés Vázquez, Mª Ángeles</subfield>
        </datafield>
        <datafield tag="242" ind1="0" ind2="0">
            <subfield code="a">Meat production in the Lidia breed in Spain. Literature revision and analysis of consumers acceptability.</subfield>
        </datafield>
        <datafield tag="245" ind1="0" ind2="0">
            <subfield code="a">Producción de Carne de Lidia en España. Revisión bibliográfica y análisis de su aceptabilidad con consumidores</subfield>
        </datafield>
        <datafield tag="260" ind1=" " ind2=" ">
            <subfield code="a">Zaragoza</subfield>
            <subfield code="b">Universidad de Zaragoza</subfield>
            <subfield code="c">2016</subfield>
        </datafield>
        <datafield tag="506" ind1=" " ind2=" ">
            <subfield code="a">by-nc-sa</subfield>
            <subfield code="b">Creative Commons</subfield>
            <subfield code="c">3.0</subfield>
            <subfield code="u">http://creativecommons.org/licenses/by-nc-sa/3.0/</subfield>
        </datafield>
        <datafield tag="520" ind1=" " ind2=" ">
            <subfield code="a">La carne de toro de Lidia es una carne seca, firme y oscura a consecuencia del sacrificio al que es sometido en la plaza de toros. El proceso de maduración de la carne no se realiza de manera correcta encontrándose un pH final elevado, una capacidad de retención de agua mayor, y un color oscuro, entre otras características. En cuanto a su composición química, resulta ser una carne rica en proteínas y baja en grasas, siendo también una fuente rica en minerales y vitaminas. El estudio sobre el análisis de la aceptabilidad con consumidores se basó en una encuesta y una cata de consumidores, en la que cada consumidor evaluó tres muestras de un mismo filete, de Lidia o de añojo, pero variando las etiquetas, indicando que eran de Añojo, Lidia y Blanco para observar cómo influye ésta en la valoración de las características organolépticas. Como resultado se obtuvo que el etiquetado no influyó en la valoración de la carne por el consumidor, por lo tanto la “etiqueta Lidia” tendría la misma aceptabilidad real que la “etiqueta Añojo”. Por otra parte sí que hubo diferencias en la aceptabilidad según la carne degustada, recibiendo la carne de añojo valoraciones significativamente más elevadas.</subfield>
        </datafield>
        <datafield tag="521" ind1=" " ind2=" ">
            <subfield code="a">Graduado en Veterinaria</subfield>
        </datafield>
        <datafield tag="540" ind1=" " ind2=" ">
            <subfield code="a">Derechos regulados por licencia Creative Commons</subfield>
        </datafield>
        <datafield tag="700" ind1=" " ind2=" ">
            <subfield code="a">Sañudo Astiz, Carlos</subfield>
            <subfield code="e">dir.</subfield>
        </datafield>
        <datafield tag="700" ind1=" " ind2=" ">
            <subfield code="a">Campo Arribas, María del Mar</subfield>
            <subfield code="e">dir.</subfield>
        </datafield>
        <datafield tag="710" ind1="2" ind2=" ">
            <subfield code="a">Universidad de Zaragoza</subfield>
            <subfield code="b">Producción Animal y Ciencia de los Alimentos</subfield>
            <subfield code="c">Producción Animal</subfield>
        </datafield>
        <datafield tag="856" ind1="0" ind2=" ">
            <subfield code="f">635359@celes.unizar.es</subfield>
        </datafield>
        <datafield tag="856" ind1="4" ind2=" ">
            <subfield code="s">966303</subfield>
            <subfield code="u">http://zaguan.unizar.es/record/56896/files/TAZ-TFG-2016-3317.pdf</subfield>
            <subfield code="y">Memoria (spa)</subfield>
        </datafield>
        <datafield tag="909" ind1="C" ind2="O">
            <subfield code="o">oai:zaguan.unizar.es:56896</subfield>
            <subfield code="p">driver</subfield>
            <subfield code="p">trabajos-fin-grado</subfield>
        </datafield>
        <datafield tag="950" ind1=" " ind2=" ">
            <subfield code="a"></subfield>
        </datafield>
        <datafield tag="951" ind1=" " ind2=" ">
            <subfield code="a">deposita:2016-10-26</subfield>
        </datafield>
        <datafield tag="980" ind1=" " ind2=" ">
            <subfield code="a">TAZ</subfield>
            <subfield code="b">TFG</subfield>
            <subfield code="c">VET</subfield>
        </datafield>
    </record>

    
</collection>